000 00338nam a2200145Ia 4500
005 20251222154419.0
008 251222s9999||||xx |||||||||||||| ||spa||
020 _a9972-9264-2-7
082 _a305.409.85/G84
100 _aGuardia, Sara Beatriz
245 0 _aMujeres Peruanas:
250 _a4a.ed.
264 _bMinerva
942 _cLIB
999 _c35957
_d35957